000 00563 a2200169 4500
003 Nust
005 20230126185216.0
040 _cNust
082 _a842,WAL
100 _aWalker ,Hugh
_9107829
245 _aThe Literature of The Victorian Era /
_cHugh Walker L.L.D
260 _aCambridge
_bUniversity Press
_c1931
300 _axxxvi, 1058:p
505 _aIntroduction (Page-1), Speculative Thought (Page-80), Creative Art. A Poetry (Page-240), Creative Art. Prose Fiction (Page-612), ET Cetera (Page-818).
650 _a Literature
_96261
942 _2ddc
_cBK
999 _c186105
_d186105